000 00287nam a2200109Ia 4500
008 220204s9999 xx 000 0 und d
082 _a537.533
_bKLE
100 _aKlemperer, O
245 0 _aElectron physics: The physics of the free electron
260 _aLondon
_bELBS
_c1972
942 _cBK
999 _c23512
_d23512